000 00338nam a2200133Ia 4500
008 240624s9999 xx 000 0 und d
041 _aeng
082 _a658.4012 FIS
100 _aFISK PETER
245 _aGAMECHANGERS ARE YOU READY TO CHANGE THE
260 _c2015
_aNew Jersey
_bWiley
300 _a306 : p. : cm. ; 18
365 _c
_b30
999 _c26955
_d26955